000 01077nam a22002295i 4500
001 161963
003 ES-MaACL
005 20250814033438.0
008 041026m18931897fr a |||| | fre d
040 _aCAM
_bspa
_cCAM
100 1 _aPerrier, Edmond.
_991351
245 1 0 _aTraité de zoologie /
_cpar Edmond Perrier.
260 _aParis :
_bG. Masson, éditeur,
_c1893-1897 (
_eCoulommiers :
_fImp. Paul Brodard)
300 _a2 v. :
_bil. ;
_c24 cm.
490 1 _aCours complet d'histoire naturelle
505 8 _aT. I. Fascicule I. Zoologie générale ; Fasc. II. Protozoaires et phytozoaires ; Fasc. III. Arthropodes (1352 p.) -- T. II. Fasc. IV. Vers, Mollusques ; Fasc. V. Amphioxus, Tuniciers ; Fasc. VI. Poissons ( p. 1346-2726)
596 _aEn el T. II. en pie de imp. consta : Masson et C., éditeurs.
650 7 _aZoología
_2embne
_917868
830 0 _aCours complet d'histoire naturelle
_9188615
852 _aES-MaACL
_jD-530-531
_z-- Enc. pasta española, conservando la cub. original
_z-- Sólo hasta el fasc. VI
999 _c161963
_d161963